Deutsche Literaturnobelpreisträger - Statistiken

Allgemein
  • Dieses Quiz wurde 85 mal gespielt
  • Das Durchschnittsergebnis liegt bei 5 aus 10
Antwortstatistiken
Hint Antwort % Korrekt
9. Günter Grass
92%
5. Thomas Mann
82%
8. Heinrich Böll
77%
(6.) Hermann Hesse
56%
10. Herta Müller
55%
4. Gerhart Hauptmann
39%
1. Theodor Mommsen
36%
(7.) Nelly Sachs
25%
2. Rudolf Eucken
18%
3. Paul Heyse
17%
Keine übereinstimmenden Quizze gefunden
Verteilung der Resultate
Anzahl Personen mit jedem Resultat
Perzentil nach korrekt beantworteten Fragen
Ihre Resultats-Entwicklung
Sie haben dieses Quiz noch nicht gespielt